000 00386nam a2200145Ia 4500
005 20251222153532.0
008 251222s9999||||xx |||||||||||||| ||spa||
020 _a9788436824322
082 _a150/F41
100 _aFernández-Ballesteros, Rocío
245 0 _aBuenas Prácticas y Competencias en Evaluación Psicológica:
250 _a1ra.ed.
264 _bPirámide
942 _cLIB
999 _c30140
_d30140